Players that beat Salah - Statistics

General Stats
  • This quiz has been taken 63 times
  • The average score is 8 of 15
Answer Stats
Rank Hint Answer % Correct
5 Most all-time Premier League goals Alan Shearer | Harry Kane | Wayne Rooney | Andy Cole
98%
5 Fastest to 100 Premier League goals Alan Shearer | Harry Kane | Sergio Agüero | Thierry Henry
91%
4 Most assists in a Premier League campaign Thierry Henry | Kevin De Bruyne | Mesut Özil
80%
2 Highest reported wages in the Premier League Erling Haaland
72%
9 Most Premier League goals in a single month Luis Suárez | Erling Haaland | Alexander Isak | Callum Wilson | Raheem Sterling | Michail Antonio | Harry Kane | Mark Viduka
61%
14 Highest transfer fee from the Serie A to the Premier League Romelu Lukaku | Paul Pogba | Rasmus Højlund | João Cancelo | Alisson Becker | Sandro Tonali | Jorginho | Cristian Romero | André Onana | Riccardo Calafiori | Andriy Shevchenko | Juan Sebastián Verón | Joshua Zirkzee
59%
8 Highest market value of a Liverpool player Alexis Mac Allister | Luis Díaz | Dominik Szobolszlai | Trent Alexander-Arnold | Cody Gakpo | Ryan Gravenberch | Ibrahima Konaté
56%
6 Most penalties missed in the Premier League Wayne Rooney | Alan Shearer | Frank Lampard | Steven Gerrard | Jamie Vardy
54%
4 Premier League appearances from an African Kolo Touré | Wilfried Zaha | Jordan Ayew
52%
5 Most consecutive Premier League matches with a goal Jamie Vardy | Ruud van Nistelrooy | Alexander Isak | Daniel Sturridge
50%
2 Highest market value Egyptian Omar Marmoush
48%
3 Most Champions League trophies from an African Samuel Eto'o | Seydou Keita
48%
9 Most expensive Premier League transfer in the summer of 17/18 Romelu Lukaku | Álvaro Morata | Benjamin Mendy | Alexandre Lacazette | Kyle Walker | Bernardo Silva | Gylfi Sigurdsson | Nemanja Matic
37%
2 Most goals in 1 season without winning the Premier League Andy Cole
28%
2 Oldest Egyptian to score a goal in the Premier League 24/25 Sam Morsy
7%
No matching quizzes found
Score Distribution
Percent of People with Each Score
Percentile by Number Answered
Your Score History
You have not taken this quiz